Nursing research : (Record no. 4252)

MARC details
000 -LEADER
fixed length control field 02778cam a2200193 a 4500
020 ## - INTERNATIONAL STANDARD BOOK NUMBER
ISBN 0323028284
050 #4 - CALL NUMBER
Classification number RT81.5
Item number .N8665 NUR REF
245 00 - TITLE
Title Nursing research :
Remainder of title methods and critical appraisal for evidence-based practice /
Statement of responsibility, etc [edited by] Geri LoBiondo-Wood, Judith Haber.
250 ## - EDITION
Edition statement 6th ed.
260 ## - PUBLICATION INFORMATION
Place of publication St. Louis, Mo. :
Name of publisher Mosby Elsevier,
Year of publication c2006.
300 ## - DESCRIPTION
Number of Pages xx, 602 p. :
Other physical details ill. (some col.) ;
Dimensions 24 cm. +
Accompanying material 1 CD-ROM (4 3/4 in.).
500 ## - NOTES
General note Includes tables.
505 0# - FORMATTED CONTENTS NOTE
Table of Content Pt. I. Research overview -- Research vignette / Linda H. Aiken -- 1. The role of research in nursing / Geri LoBiondo-Wood and Judith Haber -- 2. The research process : integrating evidence-based practice / Geri LoBiondo, Judith Haber and Barbara Krainovich Miller -- 3. Developing research questions and hypotheses / Judith Haber -- 4. Literature review / Barbara Krainovich Miller -- 5. Theoretical framework / Patricia R. Liehr and Mary Jane Smith -- Pt. II. Process related to qualitative research -- Research vignette / Kristen M. Swanson -- 6. Introduction to qualitative research / Marlene Zichi Cohen -- 7. Qualitative approaches to research / Patricia R. Liehr and Geri LoBiondo-Wood -- 8. Evaluating qualitative research / Helen J. Streubert Speziale -- Pt. III. Process related to quantitative research -- Research vignette / Lauren Aaronson -- 9. Introduction to qualitative research / Geri LoBiondo-Wood -- 10. Experimental and quasiexperimental designs / Robin Whittemore and Margaret Grey -- 11. Nonexperimental designs / Geri LoBiondo-Wood and Judith Haber -- 12. Sampling / Judith Haber -- 13. Legal and ethical issues / Judith Haber -- 14. Data-collection methods / Robin Whittemore and Margaret Grey -- 15. Reliability and validity / Judith Haber and Geri LoBiondo-Wood -- 16. Data analysis : descriptive and inferential statistics / Robin Whittemore and Margaret Grey -- 17. Analysis of findings / Geri LoBiondo-Wood -- 18. Evaluating quantitive research / Judith A. Heermann and Betty J. Craft -- Pt. IV. Application of research : evidence-based practice -- Research Vignette / Beth Norman -- 19. Developing an evidence-based practice / Marita G. Titler -- 20. Tools for applying evidence to practice / Carl Kirton -- App. A. Nurse visitation for adolescent mothers two-year infant health and maternal outcomes -- App. B. The pain experience of children with leukemia during the first year after diagnosis -- App. C. Social role experiences of women living with rheumatoid arthritis -- App. D. Provision of individualized information to men and their partners to facilitate treatment decision making in prostate cancer.
650 #0 - SUBJECTS
Topical Term Nursing
General subdivision Research.
650 #0 - SUBJECTS
Topical Term Evidence-based nursing.
700 1# - OTHER AUTHORS
Personal name LoBiondo-Wood, Geri.
700 1# - OTHER AUTHORS
Personal name Haber, Judith.
942 ## - ADDED ENTRY ELEMENTS (KOHA)
Koha item type Books
Holdings
Withdrawn status Lost status Home library Current library Shelving location Date acquired Full call number Accession Number Copy number Koha item type
    Methodist University Library Wenchi Nursing Methodist University Library Wenchi Nursing Reference 28/08/2018 RT81.5 .N8665 NUR REF 37210 1 Books
Copyright © 2026  MUG Library